El tratamiento psicológico del dolor crónico

Salvato in:
Dettagli Bibliografici
Autore principale: Philips, H. Clare (Autore)
Natura: Libro
Lingua:spagnolo
Pubblicazione: Madrid Pirámide 1991
Serie:Colección Psicología
Soggetti:
Tags: Aggiungi Tag
Nessun Tag, puoi essere il primo ad aggiungerne!!

MARC

LEADER 00000nam a2200000 a 4500
001 UCW6912
003 CL-VaPUC
008 920706e19910000SP |||||||||||||||||spa|d
082 0 4 |a 152.182  |b PHI  |2 21 
100 0 |a Philips, H. Clare  |e author  |9 311990 
245 1 3 |a El tratamiento psicológico del dolor crónico 
300 |a 277 p 
942 |c BK 
945 |d 19920706 00:00:00 
260 |a Madrid  |b Pirámide  |c 1991 
650 7 |a DOLOR ASPECTOS PSICOLOGICOS  |2 CL-VaPUC  |9 311991 
650 0 |a Psicología clínica  |9 307259 
583 |a last modification  |c 19920706 00:00:00  |k Rodrigo Vera 
490 0 |a Colección Psicología 
999 |c 219816  |d 219814 
952 |0 0  |1 0  |4 0  |6 152_182000000000000_PHI_1991  |7 0  |8 A  |9 211179  |a BIBEDU  |b BIBEDU  |d 2019-11-15  |i 2794292  |o 152.182 PHI 1991  |p 2794292  |r 2019-11-15  |w 2019-11-15  |y BK  |k EDU 
952 |0 0  |1 0  |4 0  |6 152_182000000000000_PHI_1991  |7 0  |8 A  |9 211180  |a BIBEDU  |b BIBEDU  |d 2019-11-15  |i 2794306  |o 152.182 PHI 1991  |p 2794306  |r 2019-11-15  |w 2019-11-15  |y BK  |k EDU